Catálogo
 En Linea

El capitan Hernando de Soto ... : (Registro nro. 1298)

Detalles MARC
000 -CABECERA
campo de control de longitud fija 00656cam a22001691 4500
001 - NÚMERO DE CONTROL
campo de control 000001374
005 - FECHA Y HORA DE LA ÚLTIMA TRANSACCIÓN
campo de control 20200929145546.0
008 - DATOS DE LONGITUD FIJA--INFORMACIÓN GENERAL
campo de control de longitud fija 740214s1939 xx 000 0 spa
040 ## - FUENTE DE LA CATALOGACIÓN
Centro catalogador/agencia de origen DO-SdBNP
Lengua de catalogación spa
Centro/agencia transcriptor BNPHU
100 2# - ENTRADA PRINCIPAL--NOMBRE DE PERSONA
Nombre de persona Perez Cabrera, Jose Manuel,
Fechas asociadas al nombre 1921-
9 (RLIN) 4598
245 13 - MENCIÓN DE TÍTULO
Título El capitan Hernando de Soto ... :
Resto del título discurso leido ... el 30 de mayo de 1939, en conmemoracion del IV centenario del inicio de la jornada de la Florida.
260 ## - PUBLICACIÓN, DISTRIBUCIÓN, ETC.
Lugar de publicación, distribución, etc. La Habana,
Fecha de publicación, distribución, etc. 1939.
300 ## - DESCRIPCIÓN FÍSICA
Extensión 28 p. :
Otras características físicas illus. ;
Dimensiones 24 cm.
500 ## - NOTA GENERAL
Nota general Academia de la historia de Cuba.
600 10 - PUNTO DE ACCESO ADICIONAL DE MATERIA--NOMBRE DE PERSONA
Nombre de persona Soto, Hernando de,
Fechas asociadas al nombre ca. 1500-1542.
9 (RLIN) 4599
710 2# - PUNTO DE ACCESO ADICIONAL--NOMBRE DE ENTIDAD CORPORATIVA
Nombre de entidad corporativa o nombre de jurisdicción como elemento de entrada Academia de la Historia de Cuba.
9 (RLIN) 4600
Existencias
Estado de retiro Estado de pérdida Restricciones de uso No para préstamo Código de colección Localización permanente Ubicación/localización actual Ubicación en estantería Fecha de adquisición Número de inventario Total de préstamos Signatura topográfica completa Código de barras Fecha visto por última vez Precio válido a partir de Tipo de ítem Koha
    Préstamo interno Préstamo restrigido Monografías: Libros y Folletos General General En encuadernación 15.09.2009 LF1   1374-10 25.06.2020 25.06.2020 Préstamo interno

Con tecnología Koha